| 000 | 00614nam a22001937a 4500 | ||
|---|---|---|---|
| 005 | 20240216150215.0 | ||
| 010 | _aENG-139336 | ||
| 020 |
_c1795.00 _a9789395116213 |
||
| 035 | _aEN-122868 | ||
| 037 | _bDBAD/PUB | ||
| 082 | _a340 | ||
| 100 |
_aMehanathan M C _962230 |
||
| 245 |
_aLaw of Prevention Of Money Laundering in India/ _cBy M C Mehanathan |
||
| 250 | _a3 | ||
| 260 |
_aHaryana _bLexisNexis _c2022 |
||
| 270 |
_a14 floor,Building no.10, Tower-B,DLF Cyber City ,Phase-II _bGurgaon _e122002 _k911244774444 _l911244774100 |
||
| 300 |
_a1074p. _c25cm(hb) |
||
| 942 |
_2ddc _cEN _mMEH _h340 |
||
| 999 |
_c200867 _d200867 |
||